000 02317nam a22003497a 4500
001 101080
003 KnowledgeUnlatched
005 20210303105152.0
006 m o d
007 cr u||||||||||
008 210129p20122019gw o u00| u eng d
037 _5BiblioBoard
245 0 0 _aPerforming Interpersonal Violence
_bCourt, Curse, and Comedy in Fourth-Century BCE Athens /
_cWerner Riess.
020 _a9783110245608
029 1 _ahttps://library.biblioboard.com/ext/api/media/b859465a-d8f1-4bde-a28e-71f58a364567/assets/thumbnail.jpg
040 _aScCtBLL
_cScCtBLL
506 0 _aAccess copy available to the general public.
_fUnrestricted
_2star
700 1 _aRiess, Werner
_eeditor.
264 1 _bDe Gruyter,
300 _a1 online resource (493 p.)
520 _aThis book offers the first attempt at understanding interpersonal violence in ancient Athens. While the archaic desire for revenge persisted into the classical period, it was channeled by the civil discourse of the democracy. Forensic speeches, curse tablets, and comedy display a remarkable openness regarding the definition of violence. But in daily life, Athenians had to draw the line between acceptable and unacceptable behavior. They did so by enacting a discourse on violence in the performance of these genres, during which complex negotiations about the legitimacy of violence took place. Since discourse and reality were intertwined and the discourse was ritualized, actual violence might also have been partly ritualized. By still respecting the on-going desire to harm one's enemy, this partial ritualization of violence helped restrain violence and thus contributed to Athens' relative stability.
588 0 _aDescription based on print version record.
590 _aKU Select 2017: Backlist Collection
650 7 _aHistory / Ancient
_2bisacsh
650 0 _aHistory
655 0 _aElectronic books.
758 _iIs found in:
_aKnowledge Unlatched
_1https://openresearchlibrary.org/module/2774bc74-146a-484f-a7ba-ab1d6a09bbfb
856 4 0 _uhttps://openresearchlibrary.org/content/b859465a-d8f1-4bde-a28e-71f58a364567
_zView this content on Open Research Library.
_70
999 _c33818
_d33818